MARC details
| 000 -CABECERA |
| campo de control de longitud fija |
00958nam a22002057a 4500 |
| 003 - IDENTIFICADOR DEL NÚMERO DE CONTROL |
| campo de control |
UPN |
| 005 - FECHA Y HORA DE LA ÚLTIMA TRANSACCIÓN |
| campo de control |
20260110063931.0 |
| 008 - ELEMENTOS DE LONGITUD FIJA--INFORMACIÓN GENERAL |
| campo de control de longitud fija |
250811s2001 br|ao||frt|||i101 0 spa d |
| 040 ## - FUENTE DE LA CATALOGACIÓN |
| Centro catalogador/agencia de origen |
MX-MxUPN |
| Lengua de catalogación |
spa |
| Centro/agencia transcriptor |
MX-MxUPN |
| 050 ## - SIGNATURA TOPOGRÁFICA DE LA BIBLIOTECA DEL CONGRESO |
| Número de clasificación |
LB1060 A83 |
| Número de documento/Ítem |
2001 |
| 111 ## - ASIENTO PRINCIPAL--NOMBRE DE REUNION |
| Nombre de congreso/reunión o jurisdicción como elemento de entrada |
Congreso Internacional de Programas para el desarrollo de las Inteligencias Diversas |
| Sede del congreso/Lugar de la reunión |
(Foz de Iguazú, Paraná. Brasil) |
| Fecha del congreso/reunión |
5 - 7 octubre de 2001 |
| 9 (RLIN) |
57295 |
| 245 ## - MENCIÓN DE TÍTULO |
| Título |
Breve memoria del Congreso Internacional : |
| Resto del título |
los programas para el desarrollo de las inteligencias diversaas a la luz de la educación temprana |
| 246 ## - FORMA VARIANTE DE TÍTULO |
| Título propio/Titulo breve |
Simposio Internacional : |
| Resto del título |
los programas no formales de educación inicial |
| 260 ## - PUBLICACIÓN, DISTRIBUCIÓN, ETC. |
| Lugar de publicación, distribución, etc. |
Foz de Iguazú, Paraná, Brasil : |
| Nombre del editor, distribuidor, etc. |
Asociación Mundial de Educadores Infantiles, |
| Fecha de publicación, distribución, etc. |
2001 |
| 300 ## - DESCRIPCIÓN FÍSICA |
| Extensión |
13 hojas |
| 650 #7 - ASIENTO SECUNDARIO DE MATERIA - TERMINO TEMATICO |
| Término de materia o nombre geográfico como elemento de entrada |
Inteligencias múltiples |
| 9 (RLIN) |
171 |
| Subdivisión general |
Educación temprana |
| 650 #4 - ASIENTO SECUNDARIO DE MATERIA - TERMINO TEMATICO |
| Término de materia o nombre geográfico como elemento de entrada |
Educación básica |
| 9 (RLIN) |
7340 |
| 902 ## - ELEMENTOS DE DATOS B LOCAL, LDB (RLIN) |
| Creó |
Maiella Martínez / 11082025 |
| 942 ## - ELEMENTOS DE PUNTO DE ACCESO ADICIONAL (KOHA) |
| Fuente del sistema de clasificación o colocación |
Library of Congress Classification |
| Tipo de ítem Koha |
Folleto |
| Suprimir en OPAC |
No |